| 000 | 00360nam a2200145Ia 4500 | ||
|---|---|---|---|
| 005 | 20251222141757.0 | ||
| 008 | 251222s9999||||xx |||||||||||||| ||spa|| | ||
| 020 | _a9789606930096 | ||
| 082 | _a451/T69B2-C1/I | ||
| 100 | _aTommasini, Maria Gloria | ||
| 245 | 0 | _a Nuovo Progetto Italiano 3 : | |
| 250 | _a1ra.ed. | ||
| 264 | _bEdizioni Edilingua | ||
| 942 | _cLIB | ||
| 999 |
_c6016 _d6016 |
||